<?xml version="1.0" encoding="UTF-8"?><?xml-stylesheet type="text/xsl" href="static/style.xsl"?><OAI-PMH xmlns="http://www.openarchives.org/OAI/2.0/" xmlns:xsi="http://www.w3.org/2001/XMLSchema-instance" xsi:schemaLocation="http://www.openarchives.org/OAI/2.0/ http://www.openarchives.org/OAI/2.0/OAI-PMH.xsd"><responseDate>2026-04-27T12:56:10Z</responseDate><request verb="GetRecord" identifier="oai:uvadoc.uva.es:10324/73396" metadataPrefix="marc">https://uvadoc.uva.es/oai/request</request><GetRecord><record><header><identifier>oai:uvadoc.uva.es:10324/73396</identifier><datestamp>2025-03-26T19:45:18Z</datestamp><setSpec>com_10324_5262</setSpec><setSpec>com_10324_5186</setSpec><setSpec>com_10324_29291</setSpec><setSpec>col_10324_73387</setSpec></header><metadata><record xmlns="http://www.loc.gov/MARC21/slim" xmlns:doc="http://www.lyncode.com/xoai" xmlns:xsi="http://www.w3.org/2001/XMLSchema-instance" xmlns:dcterms="http://purl.org/dc/terms/" xsi:schemaLocation="http://www.loc.gov/MARC21/slim http://www.loc.gov/standards/marcxml/schema/MARC21slim.xsd">
<leader>00925njm 22002777a 4500</leader>
<datafield tag="042" ind1=" " ind2=" ">
<subfield code="a">dc</subfield>
</datafield>
<datafield tag="720" ind1=" " ind2=" ">
<subfield code="a">Hernández López, Alejandro</subfield>
<subfield code="e">author</subfield>
</datafield>
<datafield tag="260" ind1=" " ind2=" ">
<subfield code="c">2025</subfield>
</datafield>
<datafield tag="520" ind1=" " ind2=" ">
<subfield code="a">La presente aportación se centra en el análisis sobre la necesidad de autorización judicial en el sistema de asignación aplicable a las investigaciones transfronterizas regulado en los arts. 31 y 32 del Reglamento (UE) 2017/1939 por el que se establece una cooperación reforzada para la creación de la Fiscalía Europea, a la luz de la interpretación realizada por el propio órgano europeo y el Tribunal de Luxemburgo. Finaliza con un comentario crítico sobre la postura adoptada por la justicia europea y las consecuencias prácticas y legislativas que ello puede tener a nivel nacional y europeo.</subfield>
</datafield>
<datafield tag="024" ind2=" " ind1="8">
<subfield code="a">Revista de Estudios Europeos; Núm. 85 (2025) pags. 278-297</subfield>
</datafield>
<datafield tag="024" ind2=" " ind1="8">
<subfield code="a">2530-9854</subfield>
</datafield>
<datafield tag="024" ind2=" " ind1="8">
<subfield code="a">https://uvadoc.uva.es/handle/10324/73396</subfield>
</datafield>
<datafield tag="024" ind2=" " ind1="8">
<subfield code="a">10.24197/ree.85.2025.278-297</subfield>
</datafield>
<datafield tag="024" ind2=" " ind1="8">
<subfield code="a">278</subfield>
</datafield>
<datafield tag="024" ind2=" " ind1="8">
<subfield code="a">85</subfield>
</datafield>
<datafield tag="024" ind2=" " ind1="8">
<subfield code="a">297</subfield>
</datafield>
<datafield tag="245" ind1="0" ind2="0">
<subfield code="a">El sistema de autorización judicial en las investigaciones transfronterizas de la Fiscalía Europea a la luz de la STJUE de 21 de diciembre de 2023, G-K y otros, C- 281/22</subfield>
</datafield>
</record></metadata></record></GetRecord></OAI-PMH>